|
|
|
|
| LEADER |
02013nam a2200433 i 4500 |
| 001 |
EBC5404492 |
| 003 |
MiAaPQ |
| 005 |
20200520144314.0 |
| 006 |
m o d | |
| 007 |
cr cnu|||||||| |
| 008 |
180915s2018 enk o 000 0 eng d |
| 020 |
|
|
|z 9781787564701
|
| 020 |
|
|
|a 9781787564718 (e-book)
|
| 035 |
|
|
|a (MiAaPQ)EBC5404492
|
| 035 |
|
|
|a (Au-PeEL)EBL5404492
|
| 035 |
|
|
|a (CaPaEBR)ebr11602205
|
| 035 |
|
|
|a (OCoLC)1050750497
|
| 040 |
|
|
|a MiAaPQ
|b eng
|e rda
|e pn
|c MiAaPQ
|d MiAaPQ
|
| 050 |
|
4 |
|a HD31
|b .P474 2018
|
| 082 |
0 |
|
|a 658
|2 23
|
| 245 |
0 |
0 |
|a Performance measurement and management control :
|b the relevance of performance measurement and management control research /
|c edited by Mark J. Epstein, Frank H. M. Verbeeten and Sally K. Widener.
|
| 264 |
|
1 |
|a Bingley :
|b Emerald Publishing Limited,
|c [2018]
|
| 264 |
|
4 |
|c 2018
|
| 300 |
|
|
|a 1 online resource (268 pages).
|
| 336 |
|
|
|a text
|b txt
|2 rdacontent
|
| 337 |
|
|
|a computer
|b c
|2 rdamedia
|
| 338 |
|
|
|a online resource
|b cr
|2 rdacarrier
|
| 490 |
1 |
|
|a Studies in managerial and financial accounting ;
|v Volume 33
|
| 588 |
|
|
|a Description based on print version record.
|
| 590 |
|
|
|a Electronic reproduction. Ann Arbor, MI : ProQuest, 2018. Available via World Wide Web. Access may be limited to ProQuest affiliated libraries.
|
| 650 |
|
0 |
|a Industrial management
|v Case studies.
|
| 655 |
|
4 |
|a Electronic books.
|
| 700 |
1 |
|
|a Epstein, Marc J.,
|e editor.
|
| 700 |
1 |
|
|a Verbeeten, Frank,
|e editor.
|
| 700 |
1 |
|
|a Widener, Sally K.,
|e editor.
|
| 776 |
0 |
8 |
|i Print version:
|t Performance measurement and management control : the relevance of performance measurement and management control research.
|d Bingley : Emerald Publishing Limited, c2018
|h 268 pages
|k Studies in managerial and financial accounting ; Volume 33.
|z 9781787564701
|
| 797 |
2 |
|
|a ProQuest (Firm)
|
| 830 |
|
0 |
|a Studies in managerial and financial accounting ;
|v Volume 33.
|
| 856 |
4 |
0 |
|u https://ebookcentral.proquest.com/lib/matrademy/detail.action?docID=5404492
|z Click to View
|